| 000 | 01346nam0a2200301 4500 | ||
|---|---|---|---|
| 001 | RU\NLR\bibl\1474792 | ||
| 005 | 20250616003451.0 | ||
| 010 |
_a978-5-8149-0760-8 _91000 |
||
| 021 |
_aRU _b2009-104349 _96642 |
||
| 035 | _a(NLR Aleph) 001466465 | ||
| 090 |
_a1616165 _c1616165 |
||
| 100 | _a20100218d2009 |||y0rusy50 ca | ||
| 101 | 0 | _arus | |
| 102 | _aRU | ||
| 105 | _aa ||||||||| | ||
| 200 | 1 |
_aПроблемы формирования контингента студентов технического вуза _eмонография _fВ.Д. Полежаев _gФедер. агентство по образованию, Гос. образоват. учреждение высш. проф. образования "Ом. гос. техн. ун-т" |
|
| 210 |
_aОмск _cОмГТУ _d2009 |
||
| 215 |
_a207 с. _cил. _d21 |
||
| 320 | _aБиблиогр.: с. 187-207 (295 назв.) и в подсточ. прим. | ||
| 606 | 1 |
_aВысшие технические учебные заведения _xПрием абитуриентов _91406601 _3RU\NLR\auth\66280283 |
|
| 686 | _aЧ488.714.422 | ||
| 700 | 1 |
_aПолежаев _bВ. Д. _f1956- _gВиктор Дмитриевич _4070 |
|
| 801 | 0 |
_aRU _bNLR _c20100218 _gRCR |
|
| 801 | 1 |
_aRU _bNLR _c20100218 |
|
| 942 | _cBOOK | ||
| 980 | _aNB | ||
| 980 | _aNBR | ||